| 000 | 00448nam a2200169 a 4500 | ||
|---|---|---|---|
| 005 | 20140412111346.0 | ||
| 008 | 041013s19uu xx 00 eng d | ||
| 020 | _a1-55924-247-7 | ||
| 050 |
_aBB E _bCo63 1990 |
||
| 100 | _aJacobs, Leland | ||
| 245 |
_aCounting Six to ten / _cLeland Jacobs. |
||
| 260 |
_aTexas : _bDLM Teaching Resources, _c1990. |
||
| 300 | _a22 | ||
| 440 | _aNumbers in Rhyme | ||
| 650 | _aNumber in Rhyme | ||
| 999 |
_c105204 _d105204 |
||